Las ciencias y las artes
Збережено в:
| Автор: | |
|---|---|
| Формат: | Книга |
| Мова: | Іспанська |
| Опубліковано: |
Madrid
Taurus Ediciones S. A
1964
|
| Редагування: | 1a. ed |
| Серія: | Ensayistas de Hoy, 38
|
| Предмети: | |
| Теги: |
Додати тег
Немає тегів, Будьте першим, хто поставить тег для цього запису!
|
MARC
| LEADER | 00000cam a2200000 a 4500 | ||
|---|---|---|---|
| 001 | UCE1420 | ||
| 003 | CL-VaPUC | ||
| 008 | 140414e19640000sp |||||||||||||||||spa|d | ||
| 082 | 0 | 4 | |a 501 |b CAS |2 21 |
| 100 | 0 | |a Cassidy, Harold Gomes |e author |9 573714 | |
| 245 | 1 | 4 | |a Las ciencias y las artes |
| 250 | |a 1a. ed | ||
| 300 | |a 229 p | ||
| 942 | |c BK | ||
| 945 | |d 20140414 |a dcastane | ||
| 260 | |a Madrid |b Taurus Ediciones S. A |c 1964 | ||
| 650 | 0 | |a Ciencias |9 327866 | |
| 650 | 0 | |a Filosofía de las ciencias |9 256466 | |
| 650 | 0 | |a Arte y ciencia |9 330656 | |
| 583 | |a last modification |c 20140424 10:44:01 |k Rodrigo Vera | ||
| 490 | 0 | |a Ensayistas de Hoy, 38 | |
| 999 | |c 355207 |d 355205 | ||
| 952 | |0 0 |1 0 |3 erb |4 0 |6 501_000000000000000_CAS_1964 |7 0 |8 A |9 461757 |a BIBART |b BIBART |i 5055393 |l 1 |o 501 CAS 1964 |p 5055393 |r 2025-03-13 |s 2022-04-21 |w 2019-11-23 |y BK |z Catalogado en:20140414 |k ART | ||